La mecánica de la aplicación del derecho civil en el plano laboral (Registro nro. 18520)

Detalles MARC
000 -LEADER
fixed length control field 00342 a2200109 4500
001 - CONTROL NUMBER
control field ART_38117
005 - DATE AND TIME OF LATEST TRANSACTION
control field 20260410161738.0
008 - FIXED-LENGTH DATA ELEMENTS--GENERAL INFORMATION
fixed length control field 260409a
100 1# - MAIN ENTRY--PERSONAL NAME
Personal name Formaro, Juan J.
245 10 - TITLE STATEMENT
Title La mecánica de la aplicación del derecho civil en el plano laboral
773 0# - HOST ITEM ENTRY
Title Doctrina laboral
Related parts - Nº 358 (jun. 2015)
Record control number REV4049

No hay ítems disponibles.